[Event "VII Lorca Open 2018"]
[Site "Lorca"]
[Date "2018.12.30"]
[Round "8"]
[White "Orantes Taboada, Francisco"]
[Black "Merario Alarcon, Andres"]
[Result "0-1"]
[WhiteElo "2295"]
[BlackElo "2404"]
[Annotator "NA"]
[PlyCount "138"]
[EventDate "2018.12.26"]
[EventType "swiss"]
[EventCountry "ESP"]
[SourceTitle "playchess.com"]
[Source "ChessBase"]
[SourceQuality "1"]
[TimeControl "5400+30"]

1. e4 {[%emt 0:00:00]} e5 {[%emt 0:00:21]} 2. Nf3 {[%emt 0:00:00]} Nc6 {[%emt 0:00:05]} 3. Nc3 {[%emt 0:00:00]} Nf6 {[%emt 0:00:09]} 4. d4 {[%emt 0:00:04]} exd4 {[%emt 0:00:07]} 5. Nxd4 {[%emt 0:00:04]} Bb4 {[%emt 0:00:08]} 6. Nxc6 {[%emt 0:00:09]} bxc6 {[%emt 0:00:03]} 7. Bd3 {[%emt 0:01:35]} d5 {[%emt 0:00:07]} 8. exd5 {[%emt 0:00:36]} O-O {[%emt 0:00:07]} 9. O-O {[%emt 0:00:15]} cxd5 {[%emt 0:00:21]} 10. Bg5 {[%emt 0:01:06]} c6 {[%emt 0:00:18]} 11. Qf3 {[%emt 0:02:41]} Bd6 {[%emt 0:02:05]} 12. Bxf6 {[%emt 0:05:08]} Qxf6 {[%emt 0:00:04]} 13. Qxf6 {[%emt 0:00:14]} gxf6 {[%emt 0:00:02]} 14. Ne2 {[%emt 0:10:00]} Be5 {[%emt 0:04:21]} 15. Rab1 {[%emt 0:02:23]} Be6 {[%emt 0:01:51]} 16. f4 {[%emt 0:26:02]} Bc7 {[%emt 0:11:12]} 17. b3 {[%emt 0:25:47]} Kh8 {[%emt 0:07:56]} 18. Kh1 {[%emt 0:03:18]} Bb6 {[%emt 0:01:36]} 19. f5 {[%emt 0:05:28]} Bd7 {[%emt 0:00:44]} 20. c4 {[%emt 0:03:41]} Rae8 {[%emt 0:00:34]} 21. cxd5 {[%emt 0:01:15]} cxd5 {[%emt 0:01:45]} 22. Rbd1 {[%emt 0:01:00]} Rg8 {[%emt 0:25:00]} 23. Nf4 {[%emt 0:01:50]} Bc6 {[%emt 0:02:36]} 24. Nh5 {[%emt 0:06:15]} Bd4 {[%emt 0:03:40]} 25. Rfe1 {[%emt 0:02:06]} Be5 {[%emt 0:00:57]} 26. Rc1 {[%emt 0:01:19]} Bb7 {[%emt 0:02:57]} 27. h3 {[%emt 0:00:32]} Rd8 {[%emt 0:04:50]} 28. Kg1 {[%emt 0:00:35]} d4 {[%emt 0:04:34]} 29. g4 {[%emt 0:00:06]} Rc8 {[%emt 0:00:32]} 30. Rc4 {[%emt 0:00:13]} Bd5 {[%emt 0:05:08]} 31. Rxc8 {[%emt 0:01:01]} Rxc8 {[%emt 0:00:02]} 32. Kf2 {[%emt 0:00:01]} Rc3 {[%emt 0:00:45]} 33. Ke2 {[%emt 0:00:53]} Bg2 {[%emt 0:02:39]} 34. Kd2 {[%emt 0:00:38]} h6 {[%emt 0:03:02]} 35. h4 {[%emt 0:00:27]} Bf3 {[%emt 0:02:15]} 36. Rf1 {[%emt 0:00:36]} Bxg4 {[%emt 0:01:27]} 37. Nf4 {[%emt 0:00:01]} a5 {[%emt 0:00:47]} 38. Ne2 {[%emt 0:00:41]} Rc7 {[%emt 0:00:58]} 39. Rg1 {[%emt 0:00:43]} Bf3 {[%emt 0:00:38]} 40. Rf1 {[%emt 0:00:33]} Bg2 {[%emt 0:00:50]} 41. Rg1 {[%emt 0:00:02]} Bd5 {[%emt 0:00:13]} 42. Rf1 {[%emt 0:01:09]} Ra7 {[%emt 0:00:53]} 43. Nf4 {[%emt 0:00:19]} Bc6 {[%emt 0:00:01]} 44. Bc4 {[%emt 0:00:12]} Kg7 {[%emt 0:02:07]} 45. Kd3 {[%emt 0:00:33]} Re7 {[%emt 0:00:56]} 46. Rf2 {[%emt 0:00:55]} Bb8 {[%emt 0:00:55]} 47. Nh5+ {[%emt 0:00:19]} Kf8 {[%emt 0:00:04]} 48. Nxf6 {[%emt 0:00:32]} Re3+ {[%emt 0:00:02]} 49. Kd2 {[%emt 0:00:01]} Bd6 {[%emt 0:02:28]} 50. Bd3 {[%emt 0:00:32]} Rh3 {[%emt 0:01:41]} 51. h5 {[%emt 0:01:01]} Be5 {[%emt 0:01:33]} 52. Ng4 {[%emt 0:00:31]} Bg3 {[%emt 0:00:03]} 53. Rf1 {[%emt 0:00:14]} Rxh5 {[%emt 0:00:30]} 54. Be2 {[%emt 0:00:35]} Rh4 {[%emt 0:00:21]} 55. Nf6 {[%emt 0:00:46]} Be5 {[%emt 0:01:13]} 56. Ng4 {[%emt 0:00:17]} Bd6 {[%emt 0:00:03]} 57. a4 {[%emt 0:00:36]} Rh3 {[%emt 0:01:20]} 58. Bd3 {[%emt 0:00:31]} Bb7 {[%emt 0:00:35]} 59. Rg1 {[%emt 0:00:19]} h5 {[%emt 0:01:54]} 60. Nf6 {[%emt 0:00:26]} h4 {[%emt 0:05:35]} 61. Nh7+ {[%emt 0:00:15]} Ke8 {[%emt 0:00:00]} 62. Rg8+ {[%emt 0:00:50]} Kd7 {[%emt 0:01:00]} 63. Rg7 {[%emt 0:00:23]} Rh2+ {[%emt 0:00:00]} 64. Kc1 {[%emt 0:00:19]} h3 {[%emt 0:00:00]} 65. Rxf7+ {[%emt 0:00:38]} Kc8 {[%emt 0:00:00]} 66. Ng5 {[%emt 0:00:57]} Bf4+ {[%emt 0:00:00]} 67. Kb1 {[%emt 0:00:03]} Bxg5 {[%emt 0:00:00]} 68. Rf8+ {[%emt 0:00:07]} Bd8 {[%emt 0:00:18]} 69. f6 {[%emt 0:00:06]} Rf2 {[%emt 0:00:09]} 0-1

[Event "VII Lorca Open 2018"]
[Site "Lorca"]
[Date "2018.12.30"]
[Round "8"]
[White "Sreeshwan Maralakshikari"]
[Black "Low, Zhen Yu Cyrus"]
[Result "1/2-1/2"]
[WhiteElo "2244"]
[BlackElo "2384"]
[Annotator "NA"]
[PlyCount "111"]
[EventDate "2018.12.26"]
[EventType "swiss"]
[EventCountry "ESP"]
[SourceTitle "playchess.com"]
[Source "ChessBase"]
[SourceQuality "1"]
[TimeControl "5400+30"]

1. d4 {[%emt 0:00:00]} Nf6 {[%emt 0:00:00]} 2. c4 {[%emt 0:00:00]} g6 {[%emt 0:00:00]} 3. Nc3 {[%emt 0:00:00]} d5 {[%emt 0:00:00]} 4. cxd5 {[%emt 0:00:00]} Nxd5 {[%emt 0:00:00]} 5. e4 {[%emt 0:00:00]} Nxc3 {[%emt 0:00:03]} 6. bxc3 {[%emt 0:00:00]} Bg7 {[%emt 0:00:06]} 7. Nf3 {[%emt 0:00:00]} c5 {[%emt 0:00:08]} 8. Be3 {[%emt 0:00:00]} Bg4 {[%emt 0:00:35]} 9. Rc1 {[%emt 0:01:12]} O-O {[%emt 0:00:09]} 10. Be2 {[%emt 0:00:30]} Qa5 {[%emt 0:00:28]} 11. Qd2 {[%emt 0:00:38]} Nd7 {[%emt 0:00:08]} 12. d5 {[%emt 0:01:48]} c4 {[%emt 0:00:06]} 13. h3 {[%emt 0:02:09]} Bxf3 {[%emt 0:00:07]} 14. Bxf3 {[%emt 0:00:56]} Rac8 {[%emt 0:00:49]} 15. O-O {[%emt 0:01:00]} Nc5 {[%emt 0:00:36]} 16. Bxc5 {[%emt 0:07:22]} Qxc5 {[%emt 0:05:44]} 17. g3 {[%emt 0:07:40]} b5 {[%emt 0:02:10]} 18. Kg2 {[%emt 0:01:34]} a5 {[%emt 0:09:29]} 19. Be2 {[%emt 0:00:14]} Rfd8 {[%emt 0:01:59]} 20. Qc2 {[%emt 0:02:05]} f5 {[%emt 0:03:45]} 21. Bf3 {[%emt 0:05:01]} Rf8 {[%emt 0:10:25]} 22. exf5 {[%emt 0:02:19]} gxf5 {[%emt 0:00:09]} 23. Rfd1 {[%emt 0:00:25]} Qd6 {[%emt 0:04:52]} 24. Qe2 {[%emt 0:01:42]} Kh8 {[%emt 0:00:43]} 25. Re1 {[%emt 0:02:10]} Rc7 {[%emt 0:01:17]} 26. h4 {[%emt 0:43:15]} Qc5 {[%emt 0:09:40]} 27. Red1 {[%emt 0:00:38]} Rf6 {[%emt 0:05:38]} 28. d6 {[%emt 0:02:24]} exd6 {[%emt 0:04:59]} 29. Rd5 {[%emt 0:00:04]} Qc6 {[%emt 0:00:05]} 30. Rxf5 {[%emt 0:00:41]} Qd7 {[%emt 0:00:06]} 31. Rxf6 {[%emt 0:00:04]} Bxf6 {[%emt 0:00:05]} 32. Bd5 {[%emt 0:00:03]} Rc8 {[%emt 0:05:16]} 33. Be6 {[%emt 0:09:24]} Qe7 {[%emt 0:00:18]} 34. Qg4 {[%emt 0:01:19]} Re8 {[%emt 0:00:34]} 35. Re1 {[%emt 0:00:30]} Bxc3 {[%emt 0:01:38]} 36. Re2 {[%emt 0:00:47]} Rf8 {[%emt 0:01:42]} 37. a4 {[%emt 0:03:41]} Qb7+ {[%emt 0:03:58]} 38. Kh2 {[%emt 0:00:23]} d5 {[%emt 0:01:24]} 39. axb5 {[%emt 0:00:30]} Qxb5 {[%emt 0:02:05]} 40. Qh5 {[%emt 0:00:21]} Bf6 {[%emt 0:05:33]} 41. Bf5 {[%emt 0:04:24]} Qb7 {[%emt 0:00:37]} 42. Re8 {[%emt 0:00:05]} Rxe8 {[%emt 0:00:35]} 43. Qxe8+ {[%emt 0:00:03]} Kg7 {[%emt 0:00:06]} 44. Be6 {[%emt 0:00:10]} c3 {[%emt 0:04:08]} 45. Qg8+ {[%emt 0:00:07]} Kh6 {[%emt 0:00:01]} 46. Bxd5 {[%emt 0:01:10]} Qe7 {[%emt 0:03:32]} 47. Bb3 {[%emt 0:01:01]} Qc5 {[%emt 0:04:52]} 48. Kg2 {[%emt 0:01:25]} Qc6+ {[%emt 0:01:18]} 49. Bd5 {[%emt 0:00:33]} Qd6 {[%emt 0:00:09]} 50. Bb3 {[%emt 0:01:19]} Qe7 {[%emt 0:02:11]} 51. Kh2 {[%emt 0:00:06]} Bd4 {[%emt 0:02:35]} 52. Bc2 {[%emt 0:01:34]} Bxf2 {[%emt 0:00:47]} 53. Bxh7 {[%emt 0:00:09]} Bxg3+ {[%emt 0:00:39]} 54. Kxg3 {[%emt 0:00:05]} Qg7+ {[%emt 0:08:41]} 55. Qxg7+ {[%emt 0:02:30]} Kxg7 {[%emt 0:00:30]} 56. Bc2 {[%emt 0:00:30]} 1/2-1/2

[Event "VII Lorca Open 2018"]
[Site "Lorca"]
[Date "2018.12.30"]
[Round "8"]
[White "Montanes Arribas, Adrian"]
[Black "Medarde Santiago, Luis Marcos"]
[Result "0-1"]
[WhiteElo "2242"]
[BlackElo "2386"]
[Annotator "NA"]
[PlyCount "170"]
[EventDate "2018.12.26"]
[EventType "swiss"]
[EventCountry "ESP"]
[SourceTitle "playchess.com"]
[Source "ChessBase"]
[SourceQuality "1"]
[TimeControl "5400+30"]

1. d4 {[%emt 0:03:04]} Nf6 {[%emt 0:02:33]} 2. c4 {[%emt 0:00:06]} e6 {[%emt 0:00:12]} 3. g3 {[%emt 0:00:15]} c5 {[%emt 0:00:18]} 4. d5 {[%emt 0:00:11]} exd5 {[%emt 0:00:10]} 5. cxd5 {[%emt 0:00:06]} d6 {[%emt 0:00:08]} 6. Nc3 {[%emt 0:00:08]} g6 {[%emt 0:00:11]} 7. Bg2 {[%emt 0:00:05]} Bg7 {[%emt 0:00:04]} 8. Nf3 {[%emt 0:00:09]} O-O {[%emt 0:00:05]} 9. O-O {[%emt 0:00:09]} Re8 {[%emt 0:00:09]} 10. Re1 {[%emt 0:03:28]} a6 {[%emt 0:02:07]} 11. a4 {[%emt 0:00:34]} Nbd7 {[%emt 0:00:25]} 12. e4 {[%emt 0:04:10]} Ng4 {[%emt 0:00:11]} 13. Nd2 {[%emt 0:07:15]} Nge5 {[%emt 0:08:36]} 14. Qc2 {[%emt 0:05:34]} Nf8 {[%emt 0:17:02]} 15. h3 {[%emt 0:20:36]} c4 {[%emt 0:06:53]} 16. Re3 {[%emt 0:12:36]} Qa5 {[%emt 0:18:29]} 17. Ra3 {[%emt 0:07:50]} Qc5 {[%emt 0:03:54]} 18. Nd1 {[%emt 0:00:21]} Bd7 {[%emt 0:06:18]} 19. a5 {[%emt 0:00:32]} Rac8 {[%emt 0:03:27]} 20. Rec3 {[%emt 0:03:35]} Qb4 {[%emt 0:07:23]} 21. Ne3 {[%emt 0:07:34]} Bb5 {[%emt 0:00:34]} 22. Bf1 {[%emt 0:06:04]} Nd3 {[%emt 0:06:53]} 23. Bxd3 {[%emt 0:04:50]} cxd3 {[%emt 0:00:45]} 24. Qb3 {[%emt 0:00:11]} Bxc3 {[%emt 0:00:33]} 25. bxc3 {[%emt 0:00:10]} Qxb3 {[%emt 0:00:45]} 26. Rxb3 {[%emt 0:00:02]} Nd7 {[%emt 0:01:29]} 27. Ba3 {[%emt 0:04:09]} Nc5 {[%emt 0:02:56]} 28. Bxc5 {[%emt 0:00:02]} Rxc5 {[%emt 0:00:33]} 29. c4 {[%emt 0:01:21]} Ba4 {[%emt 0:00:25]} 30. Ra3 {[%emt 0:02:48]} Bc2 {[%emt 0:01:52]} 31. g4 {[%emt 0:02:17]} Rb8 {[%emt 0:01:57]} 32. g5 {[%emt 0:00:57]} f6 {[%emt 0:03:03]} 33. gxf6 {[%emt 0:02:05]} Rf8 {[%emt 0:00:53]} 34. e5 {[%emt 0:00:26]} dxe5 {[%emt 0:00:43]} 35. Ne4 {[%emt 0:00:02]} Rcc8 {[%emt 0:01:55]} 36. Kf1 {[%emt 0:01:34]} d2 {[%emt 0:02:29]} 37. Nxd2 {[%emt 0:00:01]} Bf5 {[%emt 0:00:09]} 38. Rb3 {[%emt 0:01:53]} Bxh3+ {[%emt 0:00:42]} 39. Ke1 {[%emt 0:00:12]} Rc7 {[%emt 0:00:45]} 40. Ne4 {[%emt 0:00:28]} Bf5 {[%emt 0:00:27]} 41. Nd6 {[%emt 0:00:40]} Bc8 {[%emt 0:00:54]} 42. Rb6 {[%emt 0:01:49]} h5 {[%emt 0:00:23]} 43. Ne4 {[%emt 0:00:27]} h4 {[%emt 0:01:02]} 44. Kf1 {[%emt 0:00:21]} Bf5 {[%emt 0:00:17]} 45. Ng5 {[%emt 0:00:41]} Rd7 {[%emt 0:00:56]} 46. c5 {[%emt 0:00:32]} Rc8 {[%emt 0:00:13]} 47. f7+ {[%emt 0:00:29]} Kg7 {[%emt 0:00:25]} 48. c6 {[%emt 0:00:26]} bxc6 {[%emt 0:00:15]} 49. dxc6 {[%emt 0:00:01]} Rd6 {[%emt 0:01:05]} 50. c7 {[%emt 0:00:27]} Rd7 {[%emt 0:01:07]} 51. Nxf5+ {[%emt 0:00:38]} gxf5 {[%emt 0:00:00]} 52. Rxa6 {[%emt 0:00:03]} h3 {[%emt 0:00:21]} 53. Kg1 {[%emt 0:00:34]} Rdxc7 {[%emt 0:00:24]} 54. Ne6+ {[%emt 0:00:07]} Kxf7 {[%emt 0:00:05]} 55. Nxc7 {[%emt 0:00:02]} Rxc7 {[%emt 0:00:04]} 56. Rh6 {[%emt 0:00:43]} Rc3 {[%emt 0:00:49]} 57. a6 {[%emt 0:01:13]} Ra3 {[%emt 0:00:20]} 58. a7 {[%emt 0:00:16]} Kg7 {[%emt 0:00:21]} 59. Rxh3 {[%emt 0:00:12]} Rxa7 {[%emt 0:00:12]} 60. Rb3 {[%emt 0:00:52]} Kf6 {[%emt 0:00:12]} 61. Kg2 {[%emt 0:00:38]} Kg5 {[%emt 0:00:37]} 62. Rg3+ {[%emt 0:01:11]} Kf6 {[%emt 0:01:02]} 63. Rb3 {[%emt 0:00:05]} Rd7 {[%emt 0:00:09]} 64. Kf3 {[%emt 0:00:46]} Kg5 {[%emt 0:00:39]} 65. Ke2 {[%emt 0:00:26]} Ra7 {[%emt 0:00:50]} 66. Rb2 {[%emt 0:00:43]} Ra4 {[%emt 0:00:09]} 67. Rc2 {[%emt 0:00:25]} Rb4 {[%emt 0:00:06]} 68. Ra2 {[%emt 0:00:04]} Kf4 {[%emt 0:00:10]} 69. Rc2 {[%emt 0:00:15]} Re4+ {[%emt 0:01:25]} 70. Kf1 {[%emt 0:00:07]} Ra4 {[%emt 0:01:07]} 71. Ke2 {[%emt 0:00:09]} Ra5 {[%emt 0:00:21]} 72. Rc4+ {[%emt 0:00:50]} e4 {[%emt 0:00:15]} 73. Rc2 {[%emt 0:00:01]} Ra3 {[%emt 0:00:09]} 74. Rb2 {[%emt 0:00:06]} Kg4 {[%emt 0:00:18]} 75. Rb8 {[%emt 0:02:08]} Ra2+ {[%emt 0:00:44]} 76. Ke3 {[%emt 0:00:50]} Ra3+ {[%emt 0:00:10]} 77. Ke2 {[%emt 0:00:01]} Ra2+ {[%emt 0:00:33]} 78. Ke3 {[%emt 0:00:01]} f4+ {[%emt 0:00:01]} 79. Kxe4 {[%emt 0:00:08]} Re2+ {[%emt 0:00:09]} 80. Kd3 {[%emt 0:00:01]} Rxf2 {[%emt 0:01:43]} 81. Rg8+ {[%emt 0:00:01]} Kf3 {[%emt 0:00:15]} 82. Rb8 {[%emt 0:03:03]} Re2 {[%emt 0:01:02]} 83. Rf8 {[%emt 0:00:19]} Re7 {[%emt 0:00:06]} 84. Rf6 {[%emt 0:00:45]} Rd7+ {[%emt 0:00:10]} 85. Kc2 {[%emt 0:00:10]} Ke3 {[%emt 0:00:11]} 0-1

[Event "VII Lorca Open 2018"]
[Site "Lorca"]
[Date "2018.12.30"]
[Round "8"]
[White "Romero Romero, Sebastian"]
[Black "Tejedor Fuente, Enrique"]
[Result "0-1"]
[WhiteElo "2180"]
[BlackElo "2428"]
[Annotator "NA"]
[PlyCount "107"]
[EventDate "2018.12.26"]
[EventType "swiss"]
[EventCountry "ESP"]
[SourceTitle "playchess.com"]
[Source "ChessBase"]
[SourceQuality "1"]
[TimeControl "5400+30"]

1. Nf3 {[%emt 0:01:19]} c5 {[%emt 0:02:29]} 2. b3 {[%emt 0:00:42]} d5 {[%emt 0:01:01]} 3. e3 {[%emt 0:00:45]} Nc6 {[%emt 0:00:40]} 4. Bb2 {[%emt 0:00:46]} Nf6 {[%emt 0:01:59]} 5. Bb5 {[%emt 0:02:51]} Qc7 {[%emt 0:06:51]} 6. Ne5 {[%emt 0:05:57]} e6 {[%emt 0:01:03]} 7. O-O {[%emt 0:03:15]} Bd6 {[%emt 0:00:38]} 8. f4 {[%emt 0:01:01]} O-O {[%emt 0:00:39]} 9. Nxc6 {[%emt 0:18:07]} bxc6 {[%emt 0:00:05]} 10. Bxf6 {[%emt 0:00:11]} gxf6 {[%emt 0:05:28]} 11. Qh5 {[%emt 0:05:00]} Kh8 {[%emt 0:01:52]} 12. Bd3 {[%emt 0:08:54]} f5 {[%emt 0:00:04]} 13. Nc3 {[%emt 0:01:20]} f6 {[%emt 0:09:19]} 14. Rf3 {[%emt 0:03:24]} Qf7 {[%emt 0:01:55]} 15. Rh3 {[%emt 0:01:04]} Bd7 {[%emt 0:01:23]} 16. Na4 {[%emt 0:01:43]} Qe7 {[%emt 0:06:02]} 17. c4 {[%emt 0:01:39]} Rad8 {[%emt 0:02:56]} 18. Rc1 {[%emt 0:02:41]} Be8 {[%emt 0:00:40]} 19. Qd1 {[%emt 0:00:48]} Bg6 {[%emt 0:00:57]} 20. Qc2 {[%emt 0:00:04]} d4 {[%emt 0:00:33]} 21. exd4 {[%emt 0:06:25]} cxd4 {[%emt 0:13:29]} 22. Re1 {[%emt 0:00:14]} Bxf4 {[%emt 0:09:47]} 23. Bxf5 {[%emt 0:03:46]} Be3+ {[%emt 0:02:44]} 24. Rexe3 {[%emt 0:06:27]} Bxf5 {[%emt 0:00:10]} 25. Qxf5 {[%emt 0:02:40]} dxe3 {[%emt 0:00:01]} 26. Rxe3 {[%emt 0:00:12]} exf5 {[%emt 0:00:42]} 27. Rxe7 {[%emt 0:00:06]} Rxd2 {[%emt 0:00:02]} 28. Nc5 {[%emt 0:01:56]} Rxa2 {[%emt 0:03:27]} 29. Nd7 {[%emt 0:00:31]} Rd8 {[%emt 0:02:27]} 30. h3 {[%emt 0:00:20]} Kg8 {[%emt 0:02:46]} 31. Nxf6+ {[%emt 0:00:12]} Kf8 {[%emt 0:00:00]} 32. Rxh7 {[%emt 0:00:54]} Rd6 {[%emt 0:01:29]} 33. Nh5 {[%emt 0:00:49]} Rdd2 {[%emt 0:02:23]} 34. Nf4 {[%emt 0:01:35]} Rf2 {[%emt 0:00:29]} 35. Ne6+ {[%emt 0:00:06]} Ke8 {[%emt 0:00:31]} 36. Rg7 {[%emt 0:00:52]} f4 {[%emt 0:02:13]} 37. Nc7+ {[%emt 0:02:42]} Kd8 {[%emt 0:01:03]} 38. Ne6+ {[%emt 0:00:15]} Kc8 {[%emt 0:00:08]} 39. Nd4 {[%emt 0:00:05]} Rfb2 {[%emt 0:01:38]} 40. h4 {[%emt 0:09:10]} c5 {[%emt 0:00:06]} 41. Nf3 {[%emt 0:00:03]} Rxb3 {[%emt 0:00:14]} 42. h5 {[%emt 0:02:13]} Rb6 {[%emt 0:00:03]} 43. Ne5 {[%emt 0:01:49]} Rh6 {[%emt 0:00:54]} 44. Rg5 {[%emt 0:00:02]} Rh7 {[%emt 0:08:21]} 45. Nd3 {[%emt 0:00:53]} f3 46. gxf3 {[%emt 0:00:21]} Rd7 {[%emt 0:05:36]} 47. Rxc5+ {[%emt 0:01:44]} Kd8 {[%emt 0:01:13]} 48. Rd5 {[%emt 0:03:52]} Rxd5 {[%emt 0:00:32]} 49. cxd5 {[%emt 0:00:04]} Ra6 {[%emt 0:00:01]} 50. Kf2 {[%emt 0:00:52]} Rh6 {[%emt 0:00:16]} 51. Nf4 {[%emt 0:00:37]} a5 {[%emt 0:00:02]} 52. Ke3 {[%emt 0:00:57]} a4 {[%emt 0:00:02]} 53. Kd4 {[%emt 0:00:45]} a3 {[%emt 0:07:07]} 54. Nd3 {[%emt 0:02:00]} 0-1

[Event "VII Lorca Open 2018"]
[Site "Lorca"]
[Date "2018.12.30"]
[Round "8"]
[White "Manu David Suthandram R"]
[Black "Domingo Nunez, Ruben"]
[Result "1-0"]
[WhiteElo "2153"]
[BlackElo "2383"]
[Annotator "NA"]
[PlyCount "89"]
[EventDate "2018.12.26"]
[EventType "swiss"]
[EventCountry "ESP"]
[SourceTitle "playchess.com"]
[Source "ChessBase"]
[SourceQuality "1"]
[TimeControl "5400+30"]

1. e4 {[%emt 0:00:15]} c5 {[%emt 0:00:00]} 2. Nf3 {[%emt 0:00:32]} e6 {[%emt 0:00:04]} 3. g3 {[%emt 0:01:20]} Nc6 {[%emt 0:02:00]} 4. Bg2 {[%emt 0:00:13]} Nf6 {[%emt 0:00:54]} 5. Qe2 {[%emt 0:00:31]} e5 {[%emt 0:01:32]} 6. O-O {[%emt 0:00:23]} d6 {[%emt 0:04:59]} 7. h3 {[%emt 0:00:08]} Be7 {[%emt 0:02:09]} 8. c3 {[%emt 0:00:10]} O-O {[%emt 0:03:10]} 9. Rd1 {[%emt 0:00:49]} Qb6 {[%emt 0:01:28]} 10. Na3 {[%emt 0:04:33]} Re8 {[%emt 0:03:58]} 11. d3 {[%emt 0:06:27]} h6 {[%emt 0:04:08]} 12. Nc4 {[%emt 0:00:59]} Qa6 {[%emt 0:01:13]} 13. Ne3 {[%emt 0:00:10]} Be6 {[%emt 0:02:51]} 14. Nh4 {[%emt 0:00:11]} Na5 {[%emt 0:13:35]} 15. Bd2 {[%emt 0:03:36]} Rad8 {[%emt 0:02:46]} 16. Nhf5 {[%emt 0:10:24]} Bf8 {[%emt 0:06:42]} 17. Qf3 {[%emt 0:00:03]} Nh7 {[%emt 0:08:13]} 18. Nd5 {[%emt 0:00:08]} Bxd5 {[%emt 0:08:11]} 19. exd5 {[%emt 0:00:42]} c4 {[%emt 0:00:01]} 20. b4 {[%emt 0:13:24]} cxd3 {[%emt 0:09:45]} 21. bxa5 {[%emt 0:00:31]} e4 {[%emt 0:00:00]} 22. Qe3 {[%emt 0:02:14]} Rc8 {[%emt 0:07:14]} 23. Bxe4 {[%emt 0:04:02]} Ng5 {[%emt 0:05:30]} 24. f3 {[%emt 0:02:04]} g6 {[%emt 0:01:45]} 25. Nd4 {[%emt 0:00:10]} f5 {[%emt 0:00:00]} 26. Bxd3 {[%emt 0:00:07]} Qxa5 {[%emt 0:00:02]} 27. c4 {[%emt 0:00:06]} Rxe3 {[%emt 0:07:04]} 28. Bxa5 {[%emt 0:00:20]} Bg7 {[%emt 0:00:01]} 29. Bc3 {[%emt 0:03:12]} Rxc4 {[%emt 0:00:33]} 30. Bxc4 {[%emt 0:02:17]} Rxc3 {[%emt 0:00:03]} 31. Be2 {[%emt 0:00:09]} f4 {[%emt 0:00:21]} 32. h4 {[%emt 0:00:54]} Nh7 {[%emt 0:01:14]} 33. Ne6 {[%emt 0:01:21]} Be5 {[%emt 0:00:54]} 34. Rac1 {[%emt 0:00:06]} Ra3 {[%emt 0:02:31]} 35. Rc8+ {[%emt 0:00:15]} Kf7 {[%emt 0:00:02]} 36. Rc7+ {[%emt 0:00:08]} Kg8 {[%emt 0:00:04]} 37. gxf4 {[%emt 0:00:10]} Bf6 {[%emt 0:00:00]} 38. h5 {[%emt 0:00:14]} gxh5 {[%emt 0:02:53]} 39. Bd3 {[%emt 0:01:21]} Nf8 {[%emt 0:00:03]} 40. Nxf8 {[%emt 0:00:21]} Bd4+ {[%emt 0:00:02]} 41. Kf1 {[%emt 0:01:32]} Kxf8 {[%emt 0:00:02]} 42. Be4 {[%emt 0:02:37]} Bb6 {[%emt 0:00:24]} 43. Rxb7 {[%emt 0:00:36]} Rxa2 {[%emt 0:00:06]} 44. Rc1 {[%emt 0:01:03]} Rf2+ {[%emt 0:00:42]} 45. Ke1 {[%emt 0:00:11]} 1-0

[Event "VII Lorca Open 2018"]
[Site "Lorca"]
[Date "2018.12.31"]
[Round "9"]
[White "Svetushkin, Dmitry"]
[Black "Pap, Misa"]
[Result "1-0"]
[WhiteElo "2592"]
[BlackElo "2480"]
[Annotator "TA"]
[PlyCount "24"]
[EventDate "2018.12.26"]
[EventType "swiss"]
[EventCountry "ESP"]
[SourceTitle "playchess.com"]
[Source "ChessBase"]
[SourceQuality "1"]

{[%evp 15,24,22,41,12,34,25,78,74,73,63,76]} 1. e4 e5 2. Nf3 Nc6 3. Bb5 g6 4. c3 a6 5. Ba4 d6 6. d4 Bd7 7. O-O Bg7 8. Bg5 Nge7 {LiveBook: 34 Games} 9. h3 $146 {C76: Ruy Lopez: Deferred Steinitz: 5 c3 Bd7 6 d4 g6} (9. dxe5 dxe5 10. Nbd2 h6 11. Bh4 g5 12. Bg3 Ng6 13. Ne1 Qf6 14. Nd3 Rd8 15. f3 O-O 16. Qc2 Nf4 17. Nxf4 exf4 18. Bf2 {0-1 (43) Sivuk,V (2554)-Demchenko,A (2583) Moscow 2016}) 9... h6 10. Be3 b5 {[#]} (10... f5 $11 {keeps the balance.}) 11. Bc2 $1 $16 O-O 12. dxe5 dxe5 1-0

[Event "VII Lorca Open 2018"]
[Site "Lorca"]
[Date "2018.12.31"]
[Round "9"]
[White "Gomez Ledo, Roberto Carlos"]
[Black "Serarols Mabras, Bernat"]
[Result "1/2-1/2"]
[WhiteElo "2448"]
[BlackElo "2371"]
[Annotator "NA"]
[PlyCount "32"]
[EventDate "2018.12.26"]
[EventType "swiss"]
[EventCountry "ESP"]
[SourceTitle "playchess.com"]
[Source "ChessBase"]
[SourceQuality "1"]
[TimeControl "5400+30"]

1. d4 {[%emt 0:00:00]} d5 {[%emt 0:00:02]} 2. Bf4 {[%emt 0:00:00]} c5 {[%emt 0:00:18]} 3. c3 {[%emt 0:00:40]} Nc6 {[%emt 0:00:32]} 4. e3 {[%emt 0:01:43]} Nf6 {[%emt 0:00:27]} 5. Nd2 {[%emt 0:00:27]} Bf5 {[%emt 0:00:07]} 6. Ngf3 {[%emt 0:00:04]} e6 {[%emt 0:00:11]} 7. Nh4 {[%emt 0:02:15]} Be4 {[%emt 0:02:10]} 8. Nhf3 {[%emt 0:07:56]} Bf5 {[%emt 0:00:11]} 9. Qb3 {[%emt 0:05:06] LiveBook: 46 Games. D00: 1 d4 d5: Unusual lines} {Predecessor:} Qc8 $146 10. Nh4 Bg6 11. h3 Be7 12. Nxg6 hxg6 13. Be2 O-O 14. O-O Qd7 15. dxc5 Bxc5 16. Rad1 Qe7 {½-½ (30) Savchenko,B (2613)-Alekseev,E (2638) Khanty-Mansiysk 2016} 1/2-1/2

[Event "VII Lorca Open 2018"]
[Site "Lorca"]
[Date "2018.12.31"]
[Round "9"]
[White "Tejedor Fuente, Enrique"]
[Black "Mingarro Carceller, Sergi"]
[Result "1-0"]
[WhiteElo "2428"]
[BlackElo "2361"]
[Annotator "TA"]
[PlyCount "37"]
[EventDate "2018.12.26"]
[EventType "swiss"]
[EventCountry "ESP"]
[SourceTitle "playchess.com"]
[Source "ChessBase"]
[SourceQuality "1"]

{[%evp 12,13,13,2]} 1. Nf3 d5 2. b3 Nf6 3. Bb2 Bg4 4. e3 Nbd7 5. h3 Bh5 6. d3 {A06: Réti Opening:1 Nf3 d5} h6 7. Nbd2 {[%mdl 32768] LiveBook: 6 Games. Loss on time!?} {Predecessor:} e6 $146 8. Be2 Be7 9. c4 c6 10. O-O O-O 11. e4 dxe4 12. dxe4 Bxf3 13. Bxf3 Qc7 14. a3 Rfd8 15. Qc2 Ne5 16. Be2 Bc5 17. b4 Bd4 18. Rad1 Bxb2 19. Qxb2 {0-1 (38) Miles,A (2579)-Volzhin,A (2548) Varadero 2000} 1-0

[Event "VII Lorca Open 2018"]
[Site "Lorca"]
[Date "2018.12.31"]
[Round "9"]
[White "Bjerre, Jonas Buhl"]
[Black "Suarez Uriel, Adrian"]
[Result "0-1"]
[WhiteElo "2421"]
[BlackElo "2386"]
[Annotator "TA"]
[PlyCount "22"]
[EventDate "2018.12.26"]
[EventType "swiss"]
[EventCountry "ESP"]
[SourceTitle "playchess.com"]
[Source "ChessBase"]
[SourceQuality "1"]

{[%evp 15,22,22,36,18,33,19,43,17,9]} 1. e4 d6 2. d4 Nf6 3. Nc3 e5 4. Nf3 {[%cal Bg1f3,Bf3d4,Bd4f5][%mdl 32]} Nbd7 5. Bc4 Be7 6. O-O exd4 {C41: Philidor Defence} (6... O-O 7. Re1 c6 8. a4 a5 9. h3 Re8 10. Ba2 Bf8 11. Be3 Qc7 12. Ng5 Re7 13. f4 b6 14. fxe5 dxe5 15. d5 cxd5 16. exd5 {1-0 (16) Wang,H (2709)-Ivanchuk,V (2726) Huaian 2017}) 7. Nxd4 Nb6 8. Bd3 O-O {LiveBook: 10 Games} 9. a4 a5 10. b3 $146 ({Predecessor:} 10. Re1 Nfd7 11. Nf5 Bf6 12. Be3 g6 13. Nh6+ Kh8 14. Ng4 Bg7 15. h3 {½-½ (40) Burg,T (2508)-Cornette,M (2586) chess.com INT 2017}) 10... Nfd7 11. Nf5 Bf6 {[%mdl 32768] Loss on time!?} 0-1